Größte Städte Nordrhein-Westfalens - Statistiken

Allgemein
  • Dieses Quiz wurde 157 mal gespielt
  • Das Durchschnittsergebnis liegt bei 48 aus 76
Antwortstatistiken
Einwohner Stadt % Korrekt
1.084.831 Köln
100%
593.317 Dortmund
98%
502.211 Duisburg
98%
629.047 Düsseldorf
98%
365.742 Bochum
97%
584.580 Essen
97%
252.136 Aachen
96%
336.465 Bonn
96%
320.946 Münster
95%
338.332 Bielefeld
94%
263.000 Gelsenkirchen
93%
165.748 Leverkusen
93%
358.876 Wuppertal
92%
268.465 Mönchengladbach
90%
189.783 Hagen
89%
180.849 Hamm
89%
210.824 Oberhausen
89%
154.755 Paderborn
89%
102.560 Siegen
87%
157.368 Herne
86%
154.139 Neuss
83%
118.113 Bottrop
82%
102.393 Gütersloh
82%
160.643 Solingen
82%
228.426 Krefeld
81%
112.712 Bergisch Gladbach
80%
111.734 Recklinghausen
80%
172.404 Mülheim
78%
112.613 Remscheid
75%
105.287 Moers
74%
93.207 Düren
72%
92.540 Iserlohn
68%
83.076 Minden
68%
60.892 Unna
67%
73.795 Castrop-Rauxel
65%
95.897 Witten
63%
75.889 Gladbeck
61%
68.890 Lippstadt
61%
71.865 Lüdenscheid
61%
87.388 Ratingen
61%
84.331 Marl
60%
75.089 Detmold
58%
77.893 Rheine
58%
86.868 Lünen
55%
71.930 Bocholt
54%
53.388 Kleve
54%
78.208 Viersen
54%
67.762 Dinslaken
53%
59.772 Euskirchen
53%
76.251 Troisdorf
53%
76.720 Dorsten
52%
74.323 Arnsberg
51%
67.459 Herford
51%
82.445 Velbert
50%
61.330 Wesel
49%
52.001 Gummersbach
45%
53.348 Ahlen
44%
65.147 Dormagen
44%
60.969 Hürth
42%
54.637 Hattingen
39%
64.596 Grevenbroich
37%
55.815 Hilden
37%
52.811 Frechen
36%
56.049 Eschweiler
35%
56.369 Sankt Augustin
35%
62.376 Bergheim
34%
62.473 Herten
34%
52.421 Ibbenbüren
33%
67.239 Kerpen
32%
55.530 Pulheim
30%
52.485 Menden
29%
56.455 Stolberg
26%
54.808 Bad Salzuflen
25%
59.783 Langenfeld
25%
57.422 Meerbusch
25%
50.144 Willich
23%
Keine übereinstimmenden Quizze gefunden
Verteilung der Resultate
Anzahl Personen mit jedem Resultat
Perzentil nach korrekt beantworteten Fragen
Ihre Resultats-Entwicklung
Sie haben dieses Quiz noch nicht gespielt